[Event "Bundesliga 9596"]
[Site "Deutschland"]
[Date "1996.??.??"]
[Round "?.3"]
[White "Blatny, Pavel"]
[Black "Libeau, Rene"]
[Result "1-0"]
[WhiteElo "2515"]
[BlackElo "2460"]
[PlyCount "177"]
[EventDate "1995.10.??"]
[EventType "team"]
[EventRounds "15"]
[EventCountry "GER"]
[SourceTitle "Bundesliga 9596"]
[Source "DeepChess"]
[SourceDate "2005.01.01"]
[SourceVersion "1"]
[SourceVersionDate "2005.01.01"]
[SourceQuality "1"]
[WhiteTeam "SAbt SV Werder Bremen"]
[BlackTeam "SV Castrop Rauxel 1923"]
[WhiteTeamCountry "GER"]
[BlackTeamCountry "GER"]

1. Nf3 Nf6 2. d4 e6 3. Bf4 c5 4. c3 cxd4 5. cxd4 Nc6 6. e3 d5 7. Nc3 Bd6 8. Bg3
O-O 9. Bb5 Bxg3 10. hxg3 Ng4 11. Nh2 Nxh2 12. Rxh2 f5 13. Bxc6 bxc6 14. f4 c5
15. Qc2 cxd4 16. exd4 Rb8 17. O-O-O Bd7 18. g4 Qb6 19. gxf5 exf5 20. Kb1 h6 21.
Nxd5 Qa5 22. Nc3 Rfc8 23. Rh3 Rb4 24. Rd2 Be6 25. d5 Bd7 26. Rf3 Rcc4 27. g3
Qb6 28. Qd1 Qc5 29. Ne2 a5 30. Nc1 Rb7 31. Nb3 Qb4 32. Rd4 Rxd4 33. Qxd4 Qe1+
34. Nc1 Rb4 35. Qe3 Qd1 36. Qd3 Qg1 37. Re3 Qf2 38. Re2 Qb6 39. Qc3 Re4 40. Rc2
Rd4 41. Rd2 Re4 42. d6 a4 43. Rd5 Qa6 44. Rd1 Kh7 45. Nd3 Rc4 46. Qe5 Qb6 47.
Rc1 Rd4 48. Nc5 Qxd6 49. Qxd6 Rxd6 50. Rc4 Bb5 51. Rb4 Bd3+ 52. Kc1 Rc6 53. Kd2
Bb1 54. Nxa4 Bxa2 55. b3 Bb1 56. Nc3 Rd6+ 57. Kc1 Bd3 58. Rb7 Bf1 59. b4 Rd3
60. Kc2 Rxg3 61. b5 Rf3 62. b6 Rxf4 63. Nd5 Rc4+ 64. Kb3 Rc5 65. Nf6+ Kg6 66.
Ne8 Kh5 67. Nxg7+ Kg4 68. Ne6 Rc1 69. Rg7+ Kf3 70. Kb2 Rc4 71. b7 Rb4+ 72. Ka3
Rb6 73. Nd4+ Ke4 74. Nc6 Bb5 75. b8=Q Rxb8 76. Nxb8 f4 77. Kb4 Be2 78. Rd7 Ke3
79. Kc3 f3 80. Re7+ Kf2 81. Kd2 h5 82. Rh7 Kg2 83. Rg7+ Kf2 84. Nd7 h4 85. Nf6
h3 86. Ne4+ Kf1 87. Ke3 h2 88. Nd2+ Ke1 89. Rh7 1-0

[Event "Bundesliga 9596"]
[Site "Deutschland"]
[Date "1996.??.??"]
[Round "?.4"]
[White "Sehner, Norbert"]
[Black "Knaak, Rainer"]
[Result "0-1"]
[WhiteElo "2420"]
[BlackElo "2540"]
[PlyCount "48"]
[EventDate "1995.10.??"]
[EventType "team"]
[EventRounds "15"]
[EventCountry "GER"]
[SourceTitle "Bundesliga 9596"]
[Source "DeepChess"]
[SourceDate "2005.01.01"]
[SourceVersion "1"]
[SourceVersionDate "2005.01.01"]
[SourceQuality "1"]
[WhiteTeam "SV Castrop Rauxel 1923"]
[BlackTeam "SAbt SV Werder Bremen"]
[WhiteTeamCountry "GER"]
[BlackTeamCountry "GER"]

1. c4 e6 2. g3 d5 3. Bg2 c6 4. Qc2 d4 5. Nf3 a5 6. d3 Na6 7. O-O Ne7 8. a3 Nf5
9. e3 Bc5 10. g4 Nh4 11. Nxh4 Qxh4 12. Qe2 e5 13. b4 Ba7 14. b5 Nb8 15. f3 h5
16. g5 Qxg5 17. f4 Qe7 18. e4 Nd7 19. a4 exf4 20. Bxf4 Ne5 21. Bxe5 Qxe5 22.
Qf2 Be6 23. Nd2 h4 24. Kh1 g5 0-1

[Event "Bundesliga 9596"]
[Site "Deutschland"]
[Date "1996.??.??"]
[Round "?.5"]
[White "Heissler, Jakob"]
[Black "Dinstuhl, Volkmar"]
[Result "0-1"]
[WhiteElo "2450"]
[BlackElo "2355"]
[PlyCount "120"]
[EventDate "1995.10.??"]
[EventType "team"]
[EventRounds "15"]
[EventCountry "GER"]
[SourceTitle "Bundesliga 9596"]
[Source "DeepChess"]
[SourceDate "2005.01.01"]
[SourceVersion "1"]
[SourceVersionDate "2005.01.01"]
[SourceQuality "1"]
[WhiteTeam "SAbt SV Werder Bremen"]
[BlackTeam "SV Castrop Rauxel 1923"]
[WhiteTeamCountry "GER"]
[BlackTeamCountry "GER"]

1. e4 c5 2. Nf3 d6 3. d3 Nf6 4. g3 e6 5. Bg2 b5 6. a4 b4 7. O-O Bb7 8. Nbd2 Be7
9. Nc4 Nc6 10. a5 Rc8 11. Re1 O-O 12. b3 d5 13. exd5 Nxd5 14. Bb2 Bf6 15. Bxf6
Nxf6 16. Nfe5 Nd5 17. Nxc6 Bxc6 18. Qd2 Qc7 19. f4 Ne7 20. Re5 Bxg2 21. Qxg2
Nf5 22. a6 Nd4 23. Ra5 Qe7 24. Ra1 Rfd8 25. Na5 Rd6 26. Nb7 Rdc6 27. Ra5 f6 28.
Re4 Rb6 29. Qf2 e5 30. Ra4 Re6 31. f5 Rb6 32. g4 Qd7 33. Ra5 Qd5 34. Ra4 Qc6
35. Na5 Qb5 36. Nc4 Rxa6 37. Rxa6 Qxa6 38. Re1 Qc6 39. Re4 Ra8 40. h4 a5 41. g5
a4 42. bxa4 Rxa4 43. gxf6 gxf6 44. Qg3+ Kf8 45. Qe3 Ra7 46. Kh2 Rg7 47. Qf2 Qa4
48. Ne3 h5 49. Kh3 Qa1 50. Nf1 Qd1 51. Ng3 Rg4 52. Rxg4 Qxg4+ 53. Kg2 Qxh4 54.
c3 bxc3 55. Qa2 Qg4 56. Qd5 Nxf5 57. Qd8+ Kf7 58. Qd5+ Kg6 59. Qg8+ Ng7 60. Kf2
c2 0-1

[Event "Bundesliga 9596"]
[Site "Deutschland"]
[Date "1996.??.??"]
[Round "?.6"]
[White "Hennig, Dirk"]
[Black "Meins, Gerlef"]
[Result "1/2-1/2"]
[WhiteElo "2355"]
[BlackElo "2445"]
[PlyCount "38"]
[EventDate "1995.10.??"]
[EventType "team"]
[EventRounds "15"]
[EventCountry "GER"]
[SourceTitle "Bundesliga 9596"]
[Source "DeepChess"]
[SourceDate "2005.01.01"]
[SourceVersion "1"]
[SourceVersionDate "2005.01.01"]
[SourceQuality "1"]
[WhiteTeam "SV Castrop Rauxel 1923"]
[BlackTeam "SAbt SV Werder Bremen"]
[WhiteTeamCountry "GER"]
[BlackTeamCountry "GER"]

1. e4 c5 2. Nf3 Nc6 3. Bb5 g6 4. Bxc6 dxc6 5. O-O Bg7 6. d3 Bg4 7. h3 Bxf3 8.
Qxf3 Nf6 9. Nd2 O-O 10. a4 Ne8 11. Nc4 Nd6 12. Qe2 Nxc4 13. dxc4 Qc8 14. Ra3
Qe6 15. Rb3 b6 16. Rd1 Rad8 17. Rxd8 Rxd8 18. Rd3 Rxd3 19. Qxd3 Qd6 1/2-1/2

[Event "Bundesliga 9596"]
[Site "Deutschland"]
[Date "1996.??.??"]
[Round "?.7"]
[White "Floegel, Ulrich"]
[Black "Hermesmann, Hans"]
[Result "1-0"]
[WhiteElo "2355"]
[BlackElo "2280"]
[PlyCount "133"]
[EventDate "1995.10.??"]
[EventType "team"]
[EventRounds "15"]
[EventCountry "GER"]
[SourceTitle "Bundesliga 9596"]
[Source "DeepChess"]
[SourceDate "2005.01.01"]
[SourceVersion "1"]
[SourceVersionDate "2005.01.01"]
[SourceQuality "1"]
[WhiteTeam "SAbt SV Werder Bremen"]
[BlackTeam "SV Castrop Rauxel 1923"]
[WhiteTeamCountry "GER"]
[BlackTeamCountry "GER"]

1. e4 c5 2. Nf3 d6 3. c3 Nf6 4. Bd3 Nc6 5. Bc2 Bg4 6. d3 e6 7. Nbd2 Be7 8. h3
Bh5 9. Qe2 d5 10. Nf1 Qc7 11. Ng3 Bg6 12. O-O O-O 13. Nh4 Nd7 14. Nxg6 hxg6 15.
f4 Nb6 16. Bd2 Bh4 17. Nh1 c4 18. d4 dxe4 19. Bxe4 Rfe8 20. g3 Be7 21. h4 f5
22. Bf3 Kf7 23. Nf2 Rad8 24. Kg2 Bf6 25. Nh3 Qd7 26. Rad1 Ne7 27. Rh1 Rh8 28.
Rde1 Ned5 29. Ng1 Rde8 30. Kf2 Qb5 31. Bc1 Qa4 32. a3 Qd7 33. Bg2 Qc8 34. Bf1
Qc6 35. Nf3 Rc8 36. Bg2 Rce8 37. Rh2 Rh7 38. Reh1 Reh8 39. Bf1 a6 40. Nd2 Rc8
41. Nf3 Rch8 42. Ne5+ Bxe5 43. fxe5 Ke7 44. Bg5+ Kd7 45. Kg1 Kc7 46. Rf2 Kb8
47. Rhh2 a5 48. Bg2 Qb5 49. Bf3 Qe8 50. Bxd5 exd5 51. e6 Qc6 52. Qe5+ Ka7 53.
Re2 Nc8 54. Bf4 Ne7 55. Re1 Kb6 56. a4 Re8 57. b3 Ka6 58. Rb2 cxb3 59. Rxb3 Nc8
60. Rb5 Nb6 61. e7 Rhh8 62. Bg5 Nxa4 63. Rxd5 b6 64. Rd6 Qc4 65. d5 Nxc3 66.
Rc6 Qxd5 67. Rxc3 1-0

[Event "Bundesliga 9596"]
[Site "Deutschland"]
[Date "1996.??.??"]
[Round "?.8"]
[White "Hille, Ralph Ingo"]
[Black "Meyer, Claus Dieter"]
[Result "1/2-1/2"]
[WhiteElo "2260"]
[BlackElo "2330"]
[PlyCount "125"]
[EventDate "1995.10.??"]
[EventType "team"]
[EventRounds "15"]
[EventCountry "GER"]
[SourceTitle "Bundesliga 9596"]
[Source "DeepChess"]
[SourceDate "2005.01.01"]
[SourceVersion "1"]
[SourceVersionDate "2005.01.01"]
[SourceQuality "1"]
[WhiteTeam "SV Castrop Rauxel 1923"]
[BlackTeam "SAbt SV Werder Bremen"]
[WhiteTeamCountry "GER"]
[BlackTeamCountry "GER"]

1. d4 Nf6 2. g3 d5 3. Nf3 c6 4. Bg2 Bf5 5. O-O e6 6. c4 Nbd7 7. Nc3 Be7 8. Qb3
Qb6 9. c5 Qxb3 10. axb3 a6 11. b4 O-O 12. Rd1 h6 13. Ne5 Rad8 14. Nd3 Rfe8 15.
h3 Bf8 16. g4 Bxd3 17. Rxd3 e5 18. dxe5 Nxe5 19. Rd1 Ng6 20. Be3 Nd7 21. Rd2
Nde5 22. Bd4 Be7 23. b3 Bg5 24. e3 Nh4 25. Bxe5 Rxe5 26. Rd3 Nxg2 27. Kxg2 Bf6
28. Rad1 Rde8 29. Ne2 Re4 30. Nd4 g6 31. Kf1 Kg7 32. Kg2 Rh8 33. f3 Re7 34. Nc2
h5 35. Rh1 hxg4 36. hxg4 Rhe8 37. Rhd1 Be5 38. Rh1 Ra8 39. Kf2 Ree8 40. Rdd1
Rh8 41. f4 Bc3 42. Ke2 Rae8 43. Kd3 Bb2 44. g5 Rxh1 45. Rxh1 Kg8 46. Rd1 Re4
47. Rh1 Bg7 48. Rg1 Re8 49. Rh1 Ra8 50. Rb1 Re8 51. Rh1 f6 52. gxf6 Bxf6 53.
Rg1 Kf7 54. Rh1 Bg7 55. Rh7 Kg8 56. Rh1 Re4 57. Rg1 Kf7 58. Rh1 g5 59. fxg5 Rg4
60. Rf1+ Kg6 61. Rh1 Rxg5 62. Rf1 Rg4 63. Rh1 1/2-1/2

[Event "Bundesliga 9596"]
[Site "Deutschland"]
[Date "1996.??.??"]
[Round "?.1"]
[White "Lobron, Eric"]
[Black "Hracek, Zbynek"]
[Result "1/2-1/2"]
[WhiteElo "2590"]
[BlackElo "2650"]
[PlyCount "68"]
[EventDate "1995.10.??"]
[EventType "team"]
[EventRounds "15"]
[EventCountry "GER"]
[SourceTitle "Bundesliga 9596"]
[Source "DeepChess"]
[SourceDate "2005.01.01"]
[SourceVersion "1"]
[SourceVersionDate "2005.01.01"]
[SourceQuality "1"]
[WhiteTeam "SV Empor Berlin e.V."]
[BlackTeam "SAbt SV Werder Bremen"]
[WhiteTeamCountry "GER"]
[BlackTeamCountry "GER"]

1. Nf3 Nf6 2. c4 e6 3. Nc3 Bb4 4. g3 O-O 5. Bg2 d5 6. a3 Be7 7. d4 dxc4 8. Ne5
Nc6 9. Bxc6 bxc6 10. Nxc6 Qe8 11. Nxe7+ Qxe7 12. Qa4 e5 13. Qxc4 exd4 14. Qxd4
c5 15. Qh4 Bb7 16. O-O h6 17. Qc4 a5 18. Be3 Rfc8 19. Rad1 Ra6 20. Rfe1 Re6 21.
Bc1 Re8 22. a4 Ba6 23. Qf4 Bxe2 24. Rxe2 Rxe2 25. Nxe2 Qxe2 26. Qd2 Ng4 27.
Qxe2 Rxe2 28. Rd8+ Kh7 29. Bd2 Ne5 30. Kf1 Re4 31. Bc3 Ng6 32. b3 c4 33. b4
axb4 34. Bxb4 c3 1/2-1/2

[Event "Bundesliga 9596"]
[Site "Deutschland"]
[Date "1996.??.??"]
[Round "?.2"]
[White "Kindermann, Stefan"]
[Black "Luther, Thomas"]
[Result "1/2-1/2"]
[WhiteElo "2575"]
[BlackElo "2535"]
[PlyCount "62"]
[EventDate "1995.10.??"]
[EventType "team"]
[EventRounds "15"]
[EventCountry "GER"]
[SourceTitle "Bundesliga 9596"]
[Source "DeepChess"]
[SourceDate "2005.01.01"]
[SourceVersion "1"]
[SourceVersionDate "2005.01.01"]
[SourceQuality "1"]
[WhiteTeam "SAbt SV Werder Bremen"]
[BlackTeam "SV Empor Berlin e.V."]
[WhiteTeamCountry "GER"]
[BlackTeamCountry "GER"]

1. e4 e6 2. d3 d5 3. Qe2 Be7 4. Nf3 Nf6 5. g3 O-O 6. Bg2 b5 7. O-O c5 8. e5
Nfd7 9. h4 Nc6 10. Bf4 a5 11. c3 a4 12. a3 b4 13. c4 Nb6 14. Nbd2 Ba6 15. Rfc1
Ra7 16. cxd5 Nxd5 17. Bg5 h6 18. Bxe7 Ndxe7 19. Rxc5 Bxd3 20. Qe3 Nf5 21. Qf4
Ncd4 22. Nxd4 Nxd4 23. Qe3 Rd7 24. Bc6 Nxc6 25. Rxc6 Bb5 26. Rc5 Rd3 27. Qf4
Rd4 28. Ne4 Bd3 29. Re1 bxa3 30. bxa3 Qd7 31. Qf3 Bxe4 1/2-1/2

[Event "Bundesliga 9596"]
[Site "Deutschland"]
[Date "1996.??.??"]
[Round "?.4"]
[White "Knaak, Rainer"]
[Black "Tischbierek, Raj"]
[Result "1/2-1/2"]
[WhiteElo "2540"]
[BlackElo "2490"]
[PlyCount "97"]
[EventDate "1995.10.??"]
[EventType "team"]
[EventRounds "15"]
[EventCountry "GER"]
[SourceTitle "Bundesliga 9596"]
[Source "DeepChess"]
[SourceDate "2005.01.01"]
[SourceVersion "1"]
[SourceVersionDate "2005.01.01"]
[SourceQuality "1"]
[WhiteTeam "SAbt SV Werder Bremen"]
[BlackTeam "SV Empor Berlin e.V."]
[WhiteTeamCountry "GER"]
[BlackTeamCountry "GER"]

1. d4 d5 2. c4 dxc4 3. Nf3 a6 4. e3 e6 5. Bxc4 c5 6. O-O Nf6 7. Qe2 b5 8. Bd3
cxd4 9. exd4 Be7 10. Nbd2 Bb7 11. Nb3 O-O 12. Bd2 Bd5 13. Ne5 Nc6 14. Nxc6 Bxc6
15. Na5 Bd5 16. b4 Qb6 17. Qe3 Rfd8 18. Rfd1 Rac8 19. a3 Bd6 20. Qh3 Qxd4 21.
Bg5 Qe5 22. f4 Qc3 23. Bxh7+ Nxh7 24. Qxc3 Rxc3 25. Bxd8 Bxf4 26. Bb6 Rc2 27.
g3 Bh6 28. Rxd5 exd5 29. Rd1 Ng5 30. Rd3 Nh3+ 31. Kf1 Rxh2 32. Nc6 Ra2 33. Ne7+
Kh7 34. Nxd5 Bc1 35. Be3 Bxe3 36. Rxe3 Rc2 37. Re2 Rc1+ 38. Re1 Rc6 39. Kg2 Rd6
40. Re5 f6 41. Nxf6+ gxf6 42. Re7+ Kg6 43. Kxh3 Rd3 44. a4 bxa4 45. Re6 Rb3 46.
Rxa6 Rxb4 47. g4 Kf7 48. Kg3 Rc4 49. Kf3 1/2-1/2

[Event "Bundesliga 9596"]
[Site "Deutschland"]
[Date "1996.??.??"]
[Round "?.5"]
[White "Volke, Karsten"]
[Black "Heissler, Jakob"]
[Result "1-0"]
[WhiteElo "2470"]
[BlackElo "2450"]
[PlyCount "93"]
[EventDate "1995.10.??"]
[EventType "team"]
[EventRounds "15"]
[EventCountry "GER"]
[SourceTitle "Bundesliga 9596"]
[Source "DeepChess"]
[SourceDate "2005.01.01"]
[SourceVersion "1"]
[SourceVersionDate "2005.01.01"]
[SourceQuality "1"]
[WhiteTeam "SV Empor Berlin e.V."]
[BlackTeam "SAbt SV Werder Bremen"]
[WhiteTeamCountry "GER"]
[BlackTeamCountry "GER"]

1. d4 Nf6 2. c4 g6 3. Nc3 Bg7 4. e4 d6 5. Be2 O-O 6. Nf3 e5 7. d5 a5 8. Bg5 Na6
9. Nd2 Qe8 10. O-O h5 11. f3 Nh7 12. Bh4 Bh6 13. Kh1 Bd7 14. Nb5 f5 15. exf5
Bxf5 16. Ne4 g5 17. Bf2 b6 18. Nxc7 Nxc7 19. Nxd6 Qd7 20. Nxf5 Rxf5 21. Bxb6
Rb8 22. Bxa5 h4 23. Bd3 Rf7 24. Qe2 Bg7 25. Rad1 Na6 26. Bg6 Rf6 27. Bh5 Rf4
28. Bg4 Qd6 29. Bc3 Nc5 30. g3 Rd4 31. b4 Rxd1 32. Qxd1 Na6 33. c5 Qf6 34. d6
Nf8 35. Qd3 Nxb4 36. Bxb4 Rxb4 37. c6 Rd4 38. Qb3+ Kh7 39. c7 Rxg4 40. Qd3+ e4
41. fxg4 Qe6 42. Qc2 Qc8 43. Qxe4+ Kh8 44. Qc6 Kh7 45. Re1 Nd7 46. Re7 Qf8 47.
Qe4+ 1-0

[Event "Bundesliga 9596"]
[Site "Deutschland"]
[Date "1996.??.??"]
[Round "?.6"]
[White "Meins, Gerlef"]
[Black "Muse, Mladen"]
[Result "1-0"]
[WhiteElo "2445"]
[BlackElo "2420"]
[PlyCount "85"]
[EventDate "1995.10.??"]
[EventType "team"]
[EventRounds "15"]
[EventCountry "GER"]
[SourceTitle "Bundesliga 9596"]
[Source "DeepChess"]
[SourceDate "2005.01.01"]
[SourceVersion "1"]
[SourceVersionDate "2005.01.01"]
[SourceQuality "1"]
[WhiteTeam "SAbt SV Werder Bremen"]
[BlackTeam "SV Empor Berlin e.V."]
[WhiteTeamCountry "GER"]
[BlackTeamCountry "GER"]

1. d4 Nc6 2. c4 e5 3. d5 Nce7 4. Nc3 Ng6 5. Nf3 Nf6 6. a3 a5 7. Rb1 d6 8. Qc2
Be7 9. e3 O-O 10. Bd3 a4 11. h4 Re8 12. Ng5 Bd7 13. h5 Nf8 14. Bd2 Qc8 15. f3
h6 16. Nge4 Nxe4 17. Nxe4 c6 18. Rc1 Qb8 19. Kf2 Rc8 20. Qb1 Qa7 21. g4 Qb6 22.
Bb4 cxd5 23. cxd5 f5 24. gxf5 Nh7 25. Rxc8+ Rxc8 26. Rc1 Rf8 27. Qc2 Bxf5 28.
Qc7 Bh4+ 29. Ke2 Qa7 30. Qxd6 Qa8 31. Qxe5 Rf7 32. d6 Bd7 33. Bc4 Qf8 34. Qd5
Bc6 35. Qxf7+ Qxf7 36. Bxf7+ Kxf7 37. Nc5 Bd8 38. Nd3 Ke6 39. Nc5+ Kf7 40. Bc3
Ng5 41. e4 Nh3 42. Be5 Bb5+ 43. Ke3 1-0

[Event "Bundesliga 9596"]
[Site "Deutschland"]
[Date "1996.??.??"]
[Round "?.7"]
[White "Stern, Rene"]
[Black "Meyer, Claus Dieter"]
[Result "1/2-1/2"]
[WhiteElo "2445"]
[BlackElo "2330"]
[PlyCount "93"]
[EventDate "1995.10.??"]
[EventType "team"]
[EventRounds "15"]
[EventCountry "GER"]
[SourceTitle "Bundesliga 9596"]
[Source "DeepChess"]
[SourceDate "2005.01.01"]
[SourceVersion "1"]
[SourceVersionDate "2005.01.01"]
[SourceQuality "1"]
[WhiteTeam "SV Empor Berlin e.V."]
[BlackTeam "SAbt SV Werder Bremen"]
[WhiteTeamCountry "GER"]
[BlackTeamCountry "GER"]

1. d4 Nf6 2. c4 d6 3. Nc3 e5 4. Nf3 Nbd7 5. e4 g6 6. Be2 Bg7 7. Bg5 h6 8. Bh4
g5 9. Bg3 Nh5 10. d5 Nf4 11. Kf1 Nxe2 12. Qxe2 a5 13. Ne1 Nc5 14. Nc2 O-O 15.
Ne3 f5 16. exf5 Bxf5 17. Nxf5 Rxf5 18. h4 Qd7 19. hxg5 Rxg5 20. Rh4 Rf8 21. Kg1
Qf5 22. Rd1 b6 23. b3 h5 24. Ne4 Nxe4 25. Qxe4 Qxe4 26. Rxe4 Kh7 27. Rde1 Kg6
28. Kh2 Rg4 29. f3 Rxe4 30. Rxe4 Bh6 31. Kg1 Bg5 32. Kf2 Ra8 33. Ke2 Kf5 34.
Bf2 Rg8 35. g3 Rf8 36. Be1 Kg6 37. Bc3 Ra8 38. c5 b5 39. f4 Kf5 40. Kf3 Bf6 41.
a3 a4 42. fxe5 dxe5 43. bxa4 bxa4 44. Bb4 Rd8 45. d6 cxd6 46. cxd6 Rg8 47. Rc4
1/2-1/2

[Event "Bundesliga 9596"]
[Site "Deutschland"]
[Date "1996.??.??"]
[Round "?.8"]
[White "Hedke, Fred"]
[Black "Poldauf, Dirk"]
[Result "1-0"]
[WhiteElo "2375"]
[BlackElo "2430"]
[PlyCount "109"]
[EventDate "1995.10.??"]
[EventType "team"]
[EventRounds "15"]
[EventCountry "GER"]
[SourceTitle "Bundesliga 9596"]
[Source "DeepChess"]
[SourceDate "2005.01.01"]
[SourceVersion "1"]
[SourceVersionDate "2005.01.01"]
[SourceQuality "1"]
[WhiteTeam "SAbt SV Werder Bremen"]
[BlackTeam "SV Empor Berlin e.V."]
[WhiteTeamCountry "GER"]
[BlackTeamCountry "GER"]

1. e4 e6 2. d4 d5 3. exd5 exd5 4. c4 Nf6 5. Nc3 Be7 6. h3 O-O 7. Nf3 Re8 8. Be2
dxc4 9. Bxc4 Bb4+ 10. Be3 Be6 11. Bd3 Nd5 12. O-O Nd7 13. Bd2 Be7 14. Re1 c6
15. a3 Nf8 16. Qc2 Rc8 17. Rad1 a6 18. Na4 Qc7 19. Nc5 g6 20. Nxe6 fxe6 21. Re2
Bf6 22. Bc4 Rcd8 23. Rde1 Qg7 24. Bc3 Rd7 25. Ne5 Bxe5 26. Rxe5 Qf6 27. Bxd5
Rxd5 28. Rxd5 cxd5 29. Qb3 Re7 30. Re3 Rf7 31. Rf3 Qg7 32. Rxf7 Qxf7 33. Qb6 g5
34. Bb4 h6 35. Qd8 Kg7 36. Bd6 Ng6 37. g3 Kh7 38. Kg2 Kg7 39. b4 Kh7 40. a4 Kg7
41. b5 axb5 42. axb5 Qf5 43. Qd7+ Kf6 44. Bc7 Qe4+ 45. Kh2 Qxd4 46. Bd8+ Ke5
47. Qg7+ Ke4 48. Qxg6+ Kf3 49. Qf7+ Ke2 50. Qxe6+ Kf1 51. Bb6 Qc4 52. Qg4 Qd3
53. Be3 Ke1 54. Qd4 Qb3 55. Kg2 1-0

[Event "Bundesliga 9596"]
[Site "Deutschland"]
[Date "1996.??.??"]
[Round "?.1"]
[White "Horvath, Tamas"]
[Black "Kindermann, Stefan"]
[Result "1/2-1/2"]
[WhiteElo "2410"]
[BlackElo "2575"]
[PlyCount "48"]
[EventDate "1995.10.??"]
[EventType "team"]
[EventRounds "15"]
[EventCountry "GER"]
[SourceTitle "Bundesliga 9596"]
[Source "DeepChess"]
[SourceDate "2005.01.01"]
[SourceVersion "1"]
[SourceVersionDate "2005.01.01"]
[SourceQuality "1"]
[WhiteTeam "SV Tuebingen 1870 e.V."]
[BlackTeam "SAbt SV Werder Bremen"]
[WhiteTeamCountry "GER"]
[BlackTeamCountry "GER"]

1. e4 e6 2. d4 d5 3. Nd2 Nf6 4. Bd3 c5 5. e5 Nfd7 6. c3 Nc6 7. Ne2 cxd4 8. cxd4
f6 9. exf6 Nxf6 10. Nf3 Bd6 11. O-O O-O 12. Bg5 Bd7 13. Bh4 Be8 14. Qb1 h6 15.
Bg6 Bxg6 16. Qxg6 Qe8 17. Qxe8 Raxe8 18. Bg3 Ne4 19. Bxd6 Nxd6 20. Rfd1 Ne4 21.
Ng3 Nxg3 22. hxg3 Rc8 23. Rd2 Kf7 24. Re1 Ke7 1/2-1/2

[Event "Bundesliga 9596"]
[Site "Deutschland"]
[Date "1996.??.??"]
[Round "?.2"]
[White "Blatny, Pavel"]
[Black "Kulaots, Kaido"]
[Result "1-0"]
[WhiteElo "2515"]
[BlackElo "2400"]
[PlyCount "77"]
[EventDate "1995.10.??"]
[EventType "team"]
[EventRounds "15"]
[EventCountry "GER"]
[SourceTitle "Bundesliga 9596"]
[Source "DeepChess"]
[SourceDate "2005.01.01"]
[SourceVersion "1"]
[SourceVersionDate "2005.01.01"]
[SourceQuality "1"]
[WhiteTeam "SAbt SV Werder Bremen"]
[BlackTeam "SV Tuebingen 1870 e.V."]
[WhiteTeamCountry "GER"]
[BlackTeamCountry "GER"]

1. e4 c5 2. c3 d5 3. exd5 Qxd5 4. d4 Nc6 5. Nf3 cxd4 6. cxd4 e5 7. Nc3 Bb4 8.
Bd2 Bxc3 9. Bxc3 e4 10. Nd2 Nf6 11. Nc4 O-O 12. Ne3 Qg5 13. h4 Qf4 14. g3 Qd6
15. d5 Ne5 16. Be2 Re8 17. Bxe5 Qxe5 18. Qb3 Rd8 19. O-O-O b5 20. Rd2 Bb7 21.
Rhd1 a6 22. Kb1 Rd7 23. a4 bxa4 24. Qxa4 Rad8 25. Qa5 g6 26. Bf1 Qb8 27. g4 h5
28. gxh5 Nxh5 29. Bh3 Rd6 30. Nc4 Rxd5 31. Rxd5 Rxd5 32. Rxd5 Bxd5 33. Qxd5 Nf4
34. Qd7 Qb5 35. Qd8+ Kh7 36. Bf1 Qc5 37. Ne3 Qb4 38. Qc7 Qe1+ 39. Ka2 1-0

[Event "Bundesliga 9596"]
[Site "Deutschland"]
[Date "1996.??.??"]
[Round "?.3"]
[White "Kraut, Rainer"]
[Black "Knaak, Rainer"]
[Result "1-0"]
[WhiteElo "2445"]
[BlackElo "2540"]
[PlyCount "83"]
[EventDate "1995.10.??"]
[EventType "team"]
[EventRounds "15"]
[EventCountry "GER"]
[SourceTitle "Bundesliga 9596"]
[Source "DeepChess"]
[SourceDate "2005.01.01"]
[SourceVersion "1"]
[SourceVersionDate "2005.01.01"]
[SourceQuality "1"]
[WhiteTeam "SV Tuebingen 1870 e.V."]
[BlackTeam "SAbt SV Werder Bremen"]
[WhiteTeamCountry "GER"]
[BlackTeamCountry "GER"]

1. e4 e6 2. d4 d5 3. Nc3 Nf6 4. Bg5 dxe4 5. Nxe4 Be7 6. Bxf6 gxf6 7. Nf3 b6 8.
Bc4 Bb7 9. Qe2 c6 10. O-O-O Qc7 11. Rhe1 Nd7 12. Kb1 O-O-O 13. Ba6 Bxa6 14.
Qxa6+ Kb8 15. Qe2 Rdg8 16. g3 f5 17. Ned2 h5 18. Nc4 h4 19. Nfe5 Nxe5 20. Nxe5
Bf6 21. Qf3 Bxe5 22. dxe5 hxg3 23. hxg3 Rd8 24. Qf4 Rxd1+ 25. Rxd1 Rd8 26.
Rxd8+ Qxd8 27. b3 Kb7 28. Kb2 a5 29. g4 Qd7 30. gxf5 exf5 31. Qh4 b5 32. a3 c5
33. Qh1+ Kb6 34. Qh6+ Kb7 35. Qh1+ Ka7 36. Qe1 Kb6 37. Kb1 b4 38. a4 Kc6 39.
Qe2 Kd5 40. f4 Ke6 41. Qa6+ Ke7 42. Qxa5 1-0

[Event "Bundesliga 9596"]
[Site "Deutschland"]
[Date "1996.??.??"]
[Round "?.4"]
[White "Heissler, Jakob"]
[Black "Zeller, Frank"]
[Result "1/2-1/2"]
[WhiteElo "2450"]
[BlackElo "2400"]
[PlyCount "104"]
[EventDate "1995.10.??"]
[EventType "team"]
[EventRounds "15"]
[EventCountry "GER"]
[SourceTitle "Bundesliga 9596"]
[Source "DeepChess"]
[SourceDate "2005.01.01"]
[SourceVersion "1"]
[SourceVersionDate "2005.01.01"]
[SourceQuality "1"]
[WhiteTeam "SAbt SV Werder Bremen"]
[BlackTeam "SV Tuebingen 1870 e.V."]
[WhiteTeamCountry "GER"]
[BlackTeamCountry "GER"]

1. e4 c5 2. Nf3 d6 3. c3 Nf6 4. Bd3 Nc6 5. Bc2 Bg4 6. d3 e6 7. Nbd2 d5 8. h3
Bh5 9. Qe2 Be7 10. Nf1 c4 11. exd5 cxd3 12. Bxd3 Qxd5 13. Ng3 O-O-O 14. Nxh5
Qxd3 15. Qxd3 Rxd3 16. Nxf6 Bxf6 17. Ke2 Rhd8 18. Be3 R3d5 19. Rhd1 a6 20. Rxd5
Rxd5 21. Nd2 Ne5 22. Ne4 Be7 23. c4 Rd7 24. b3 Nd3 25. Rd1 Nb4 26. Rxd7 Kxd7
27. a4 Nc2 28. Kd2 Nxe3 29. fxe3 f5 30. Nf2 e5 31. e4 g6 32. g4 Bc5 33. Nd3 Bd4
34. gxf5 gxf5 35. exf5 Ke7 36. b4 Kf6 37. b5 axb5 38. cxb5 Bb6 39. Nb2 Kxf5 40.
Nc4 Bc5 41. a5 e4 42. a6 bxa6 43. bxa6 Kf4 44. Ke2 h5 45. Nd6 h4 46. Nb5 Kg3
47. a7 Bxa7 48. Nxa7 Kxh3 49. Nb5 Kg2 50. Nc3 h3 51. Nxe4 h2 52. Nf2 h1=Q
1/2-1/2